| 000 | 00989nam a22002897a 4500 | ||
|---|---|---|---|
| 001 | BR0302427 | ||
| 003 | BR-BrBNA | ||
| 005 | 20240122162626.0 | ||
| 007 | ta | ||
| 008 | 230509b bl.||||| |||| 00| 0 por d | ||
| 040 |
_aBR-BrBNA _bpor _cBiblioteca Nacional de Agricultura |
||
| 041 | _a(Por) | ||
| 072 | _aA01 | ||
| 090 |
_aA01 _bBR0302427 |
||
| 100 | 1 | _aClaro, Soel Antonio | |
| 110 | 1 | _aEmpresa de Assistência Técnica e Extensão Rural do Rio Grande do Sul, Porto Alegre (Brasil) | |
| 110 | 1 | _aAssociação Sulina de Crédito e Assistência Rural, Porto Alegre, RS (Brasil) | |
| 245 | 1 | _aReferenciais tecnológicos para a agricultura familiar ecológica: a experiência da região Centro-Serra do Rio Grande do Sul | |
| 260 | 3 |
_aPorto Alegre, RS (Brasil): _c2001. |
|
| 300 | _a241 p. | ||
| 500 | _a48 ref.; 36 tables | ||
| 650 | _aAGRICULTURA FAMILIAR | ||
| 650 | _aDESENVOLVIMENTO SUSTENTÁVEL | ||
| 650 | _aPESTICIDA | ||
| 650 | _aBIOFERTILIZANTE | ||
| 942 |
_cBK _2AGRIS |
||
| 999 |
_c65068 _d65068 |
||